Escola Professional per a la Dona : (antiga Escola de Tall) : curs 1918 - 1919 (antiga Escola de Tall) :
Descripción Física:
7 p. ; 23 cm
Materias:
Tall i confecció -- Ensenyament
MARC
| LEADER | 00000nam a2200000Ia 4500 | ||
|---|---|---|---|
| 001 | 18616 | ||
| 008 | 160829s9999 xx 000 0 cat d | ||
| 080 | |a RF-3-30 | ||
| 245 | |a Escola Professional per a la Dona : |b (antiga Escola de Tall) : |b curs 1918 - 1919 | ||
| 260 | |a Barcelona : |b Diputació de Barcelona, [1918 ?] | ||
| 300 | |a 7 p. ; |c 23 cm | ||
| 590 | |a Prové de 3274 | ||
| 650 | |a Tall i confecció |x Ensenyament |9 28106 | ||
| 710 | 2 | |a Escola Professional de la Dona |9 52886 | |
| 856 | 4 | |u https://media.diba.cat/diba/fitxers/arxiu/fulletons/bib_18616_1918_baixa.pdf |y Accés lliure | |
| 856 | 4 | |u https://media.diba.cat/diba/fitxers/arxiu/fulletons/bib_18616_1918_baixa.pdf |y Accés lliure | |
| 901 | |a Arxiu | ||
| 942 | |n 1 |2 udc | ||
| 952 | |0 0 |1 0 |4 0 |6 RF330 |7 1 |9 53832 |a Arxiu |b Arxiu |d 2016-12-01 |l 0 |o RF-3-30 |p 18616 |r 2016-12-01 00:00:00 |w 2016-12-01 |y ARXIU | ||
| 999 | |c 57698 |d 57698 | ||
| 900 | |a bib_18616_1918_baixa.pdf | ||